000 00516nam a2200181Ia 4500
008 210719s2020 xx 000 0 und d
020 _a978-93-5357-811-4
041 _aeng
082 _a820.33 BENB
100 _aBENYAMIN
245 _aBody and blood Tr by Swarup B R
260 _aUttar Pradesh
_bHarper & Collins Publishers
_c2020
300 _a229
_bPB
365 _b499
_cRs
650 _aAmerican English Fiction
650 _aAmerican English Fiction
906 _aB ; blood ; Body ; by ; R ; Swarup ; Tr
999 _c211749
_d211749